| 000 | 00928nam a2200337 a 4500 | ||
|---|---|---|---|
| 001 | 9651 | ||
| 003 | BD-JhCC | ||
| 005 | 20231031074353.0 | ||
| 008 | 180321s1976 nyu b 001 0 eng d | ||
| 020 | _a0029051800 | ||
| 035 | _aMITb10027370 | ||
| 035 | _a(BD-JhCC)9651 | ||
| 035 | _aBD-JhCC | ||
| 040 |
_aBD-JhCC _cDLC _dBD-JhCC |
||
| 041 | _aeng | ||
| 050 | 0 |
_aJS323 _b.S78 |
|
| 082 | _bMAD 1962 | ||
| 099 | _aJS323.S78 | ||
| 100 | _aMaddox, Russell W. | ||
| 245 | 0 | 0 |
_aState and local government / _cRussell W. Maddox and Robert F. Fuquay |
| 260 |
_aNew York : _bFree Press, _cc1976. |
||
| 300 |
_a712 p. ; _c25 cm. |
||
| 504 | _aIncludes bibliographical references and index. | ||
| 650 | 0 |
_aLocal government _zUnited States. |
|
| 650 | 0 |
_aMunicipal services _zUnited States. |
|
| 650 | 0 | _aState governments. | |
| 700 | 1 | _aCampbell, Alan K. | |
| 700 | 1 | _aBahl, Roy W. | |
| 942 |
_2ddc _cBK |
||
| 999 |
_c9651 _d9651 |
||